000 00576cam3a220021700 4500
001 zam00003517
008 951128s1977 xx eng u
035 _a(Sirsi) r20844
035 _a(MACHINE)SLC.
100 _aHymes, D.
_6A82316.1
245 1 0 _aFoundations in Sociolinguistics.
260 _c1977.
949 _aP40
_wlcc
_mMAIN
_tBOOK
_lON-SHELF
004 20844
591 _aClass code: E 949.
591 _aCourse: Sociolinguistics.
591 _aSchool: S05.
591 _aLecturer: Mr. HIRST, S.B.
591 _aNumber of Students: 20.
909 _aBook
999 _c171909
_d171909